000 01462nam a22003614i 4500
001 991061597369706706
003 ES-BaIT
005 20260413090958.0
008 260126s2024 spcag||| |||| 000 0 spa|c
017 _aDL B 18955-2024
_bBiblioteca de Catalunya
020 _a9788409656608
_q(rústica)
040 _aES-BaESM
_bcat
_erda
_cES-BaESM
080 _a781.031.4
_x(460)
_22004
080 _a781.15
_22004
100 1 _aJiménez de Cisneros Puig, Bernat
_eautor
_9169223
245 1 0 _aRitmo y compás :
_banálisis musical del flamenco : estructura métrica y articulación rítmico-armónica de los géneros flamencos acompasados /
_cBernat Jiménez de Cisneros Puig
250 _aVersión revisada y ampliada
264 1 _a[Barcelona] :
_bAtril Flamenco,
_c[2024]
264 4 _c©2024
300 _a424 pàgines :
_bil·lustracions, música ;
_c24 cm
336 _atext
_btxt
_2rdacontent
337 _asense mediació
_bn
_2rdamedia
338 _avolum
_bnc
_2rdacarrier
500 _a"Versión revisada y ampliada de la edición original en PDF de 2015"--Verso de la portada
500 _aAl llom: I
504 _aReferències discogràfiques: pàgines 323-345. Bibliografia: pàgina: 424
650 0 _aFlamenc, Música de
_xAnàlisi i apreciació
_2lemac
_9169224
650 7 _aMúsica
_xRitme i compàs
_957359
650 0 _aFlamenc, Música de
_xHistòria i crítica
_2lemac
_9108170
908 _aESMUC
940 _aCVA23
942 _2udc
_c1
999 _c137357
_d137357